01414nam a2200289 a 4500001001300000003000900013005001700022008004100039020002400080082002300104100002400127245003400151260003600185500003500221505002600256505019800282650001700480700002400497902000800521942000700529952011500536952011400651952011400765952011400879952011400993999001701107nice12345678IN_TiNIC20260116014154.0050524s2003 dela grp 000 0 eng  a8171692 c350000a305.480297030bCHA aChaturvedi, Archana aEncyclopaedia of Muslim Women aDelhi bCommenwealth Pub c2003 aincludes index and biblioraphy2 aIndex, Quranic Verses2 aIndex, Quranic Verses00gV1.tMuslim Women and Development.--gV2.tMuslim Women and Society.--gV3.tMuslim Women and Law.--gV4.tMuslim Women from Tradition to Modernity.--gV5.tMuslim Wome aMuslim Women1 aChaturvedi, Archana bSRS cBK 001040708REFaHMIbHMIcREFd0000-00-00g3500.00l0o305.480297030 CHAp020552r0000-00-00w2026-01-16yBK 001040708REFaHMIbHMIcREFd0000-00-00g100.00l0o305.480297030 CHAp020553r0000-00-00w2026-01-16yBK 001040708REFaHMIbHMIcREFd0000-00-00g100.00l0o305.480297030 CHAp020554r0000-00-00w2026-01-16yBK 001040708REFaHMIbHMIcREFd0000-00-00g100.00l0o305.480297030 CHAp020555r0000-00-00w2026-01-16yBK 001040708REFaHMIbHMIcREFd0000-00-00g100.00l0o305.480297030 CHAp020556r0000-00-00w2026-01-16yBK c14174d14174